Egipto.
Monumentos. El Alto y el Bajo Nilo. Religión en distintas etapas de la civilización egipcia. Investigaciones en los monumentos. Templos mortuorios. Culto de los muertos. La tumba de Ramsés II. Desmantelamiento de Abú Simbel.
Guardado en:
| Formato: | |
|---|---|
| Series: | Educable
|
| Materias: | |
| Etiquetas: |
Agregar Etiqueta
Sin Etiquetas, Sea el primero en etiquetar este registro!
|
| LEADER | 00995ngm a22002775g 4500 | ||
|---|---|---|---|
| 001 | CEM.cems022055 | ||
| 008 | 130507b1994##################0###0#####d | ||
| 005 | 20241001152014.0 | ||
| 245 | 0 | 0 | |a Egipto. |
| 300 | |a 53'. | ||
| 490 | 0 | |a Educable | |
| 500 | |a En soporte VHS, consultar en ventanilla. | ||
| 538 | |a Soporte: VHS - Norma: Pal N - Color - Grabación DRD 1994 - Hitachi=3735 | ||
| 520 | |a Monumentos. El Alto y el Bajo Nilo. Religión en distintas etapas de la civilización egipcia. Investigaciones en los monumentos. Templos mortuorios. Culto de los muertos. La tumba de Ramsés II. Desmantelamiento de Abú Simbel. | ||
| 082 | 9 | 3 | |/ DEP |
| 653 | |a HISTORIA | ||
| 653 | |a EGIPTO | ||
| 653 | |a MONUMENTOS EGIPCIOS | ||
| 653 | |a ALTO NILO | ||
| 653 | |a BAJO NILO | ||
| 653 | |a RELIGION | ||
| 653 | |a TEMPLOS MORTUORIOS | ||
| 653 | |a CULTO DE LOS MUERTOS | ||
| 653 | |a TUMBAS | ||
| 653 | |a NIVEL SECUNDARIO | ||
| 859 | |a CEMS |b BIB. CEMS - Depto. Recursos Didacticos |h 932 |i DEP |k DRD |p 698.12 |t Ej.1 | ||
